Statistics for Hol található a főváros az országtérképen?

Click here to take the quiz!

General Stats

  • This quiz has been taken 55 times
  • The average score is 8 of 15

Answer Stats

QuestionAnswer% Correct
Hol van Franciaország fővárosa?
86%
Hol van az Egyesült Királyság fővárosa?
76%
Hol van Németország fővárosa?
71%
Hol van Spanyolország fővárosa?
71%
Hol van Törökország fővárosa?
67%
Hol van az Egyesült Államok fővárosa?
51%
Hol van Brazília fővárosa?
51%
Hol van Svédország fővárosa?
49%
Hol van Ausztrália fővárosa?
47%
Hol van India fővárosa?
45%
Hol van Egyiptom fővárosa?
45%
Hol van Japán fővárosa?
45%
Hol van Kína fővárosa?
39%
Hol van Kanada fővárosa?
37%
Hol van Marokkó fővárosa?
29%

Score Distribution

Percentile by Number Answered

Percent of People with Each Score

Your Score History

You have not taken this quiz